000 03059nam a2200397 4500
003 PE-LiUPU
005 20250731184541.0
008 210922n 000 0 eng u
035 _a(Sirsi) a252899
082 0 4 _a985.033
_bH44
100 1 _aHerrera Lima, Enrique Vidal,
_eautor
245 1 0 _aHolocausto de los Túpac Amaru 1780 /
_cEnrique Vidal Herrera Lima.
300 _a411 páginas :
_bilustrado, fotos a color, retratos, mapas ;
_c29 centímetros
505 0 _aAlgunos levantamientos precursores. -Causas de la rebelión del inca Túpac Amaru. -Genealogía del inca Túpac Amaru. -Marquesado de Oropesa. -Sistema e trabajo comunitario incaico y de explotación colonial. -Biografía del inca Túpac Amaru (José Gabriel Condorcanqui Noguera). -Preparación y viaje antes de la rebelión. -Los blancos y el ejército del inca Túpac Amaru, circulo íntimo. -Primera etapa de la rebelión. -Propagación de la rebelión en el altiplano puneño. -Campaña del Cusco: sitio - retirada - persecución. -Campañas de Paruro - Cotabambas - Antabamba - Aymaraes. Campaña del Vilcanota por el general Del Valle: enero - febrero - marzo de 1781. -Confianza errada del inca Túpac Amaru. -Prisión del inca - torturas - ataque de Diego Cristóbal a Layo - Langui. -Nobleza y altivez del inca Túpac Amaru en el proceso. -Sentencia a muerte del inca Túpac Amaru, su familia y demás líderes. -Segunda etapa de la rebelión: Diego Cristóbal - Mariano - Andrés y Miguel Túpac Amaru. -Pugnas entre etnias y jefes de la rebelión. -Campaña del Collao del general Del Valle (Abril - mayo de 1781). -Sitio a la ciudad de Puno y éxodo del general Del Valle a Cusco. -Los cataristas del Alto Perú y cerco a la ciudad de La Paz. -Proceso de la amnistia Lampa - Sicuani. Consecuencias. -Muerte de Pedro Vilcapaza - captura y muerte Diego Cristóbal - Destierro de los Túpac Amaru. -Suplicio de Diego Cristóbal Túpac Amaru: 19 de julio de 1783. -Via crucis de los tupamaritas desterrados de cusco a Lima (06 de octubre de 1783). -Focos rebelde que apoyaron la rebelión de Túpac Amaru. -Juan Bautista Túpac Amaru (Condorcanqui Monjarrás). -Travesía marítima de los desterrados a España.
526 _aP136
526 _aP135
526 _aP134
526 _aP133
526 _aP144
526 _aP143
526 _aP87
526 _aP35
526 _aP20
526 _aP14
526 _aP10
526 _aP06
600 0 4 _aTupac-Amaru, José Gabriel,
_d1742-1781.
651 4 _aPerú
_xHistoria
_yInsurrección de Tupac Amaru, 1780-1781.
650 0 4 _aIndígenas
_xFamilia
_ySiglo XVIII.
598 _aCATALOGING
596 _a1
942 _2ddc
_cBOOK
949 _a985.033 H44
_wDEWEY
_c1
_i70912
_mBC
_p10.00
_r0
_sY
_tLIBRO
_u2021-04-20
_xFACIHED
_zEducación primaria
_oSTAFF. Colección General
999 _a985.033 H44
_wDEWEY
_c32098
_i70912
_f2022-6-9
_g1
_lCCODEBUL1
_mBUL
_p10.00
_r0
_sY
_tBOOK
_u2021-9-22
_xEDUCACION
_PP20
_0UNKNOWN
_d32098
264 _aCuzco :
_bUniversidad Andina del Cusco,
_c2018.
980 _81
_gALBERTO SANCHEZ Responsable de Automatización